[Event "Asian Zonal 3.3 2019"]
[Site "Ulaanbaatar"]
[Date "2019.04.09"]
[Round "3.3"]
[White "Gomez, John Paul"]
[Black "Bersamina, Paulo"]
[Result "1-0"]
[WhiteElo "2460"]
[BlackElo "2444"]
[Annotator "TA"]
[PlyCount "145"]
[EventDate "2019.04.07"]
[EventType "swiss"]
[EventRounds "9"]
[EventCountry "MGL"]
[SourceTitle "playchess.com"]
[Source "ChessBase"]
[SourceQuality "1"]

{[%evp 25,144,42,48,4,16,22,11,0,0,0,12,-10,54,38,60,61,88,66,76,51,53,58,65,30,95,72,144,126,145,130,123,83,95,70,93,53,49,56,64,59,66,79,106,96,74,94,84,104,117,104,378,369,395,393,371,248,249,235,269,264,271,268,337,337,331,264,269,247,254,220,220,180,158,84,81,79,82,66,66,67,106,140,124,127,166,141,176,129,12799,12792,12801,12799,12793,6402,5089,5069,29980,29981,29981,29982,29982,29983,29985,29986,29988,29989,29989,29990,29992,29993,29994,29995,29995,29995,29995,29996,29996,29997,29997,29998,29999]} 1. e4 e5 2. Nc3 Nc6 3. Nf3 Nf6 4. Bb5 Bb4 5. O-O O-O 6. d3 d6 7. Ne2 Ne7 8. c3 Ba5 9. Ng3 Ng6 10. d4 c6 11. Bd3 Bb6 12. h3 Re8 13. Re1 h6 14. Qc2 {C49: Four Knights: 4 Bb5 Bb4} (14. Be3 Be6 15. Qc2 Qc7 16. a3 a5 17. c4 a4 18. Red1 exd4 19. Bxd4 Ne5 20. Be2 Bc5 21. Rd2 Nfd7 {1-0 (43) Anand,V (2791)-Mamedyarov,S (2756) Shamkir 2015}) 14... Nh7 $146 ({Predecessor:} 14... Bd7 15. Be3 Qc7 16. a4 Rad8 17. Nd2 Qb8 18. dxe5 Nxe5 19. Bxb6 axb6 20. Bf1 Qc7 21. Re3 Ng6 22. Rae1 d5 {½-½ (22) Durarbayli,V (2622)-Prasanna Raghuram,R (2458) Columbus 2017}) 15. Be3 Ng5 16. Nd2 {The position is equal.} Nh4 17. a4 Ne6 {[%cal Re5d4]} 18. Nc4 (18. Nb3 {is more complex.} Nf4 19. Bf1 Qg5 20. a5 Bd8 21. dxe5 dxe5 22. Nc5) 18... exd4 (18... Nf4 $11 19. Bf1 Bc7) 19. Nxb6 $14 dxe3 20. Nxa8 Nxg2 $1 {[%mdl 64] Decoy} 21. Kxg2 Nf4+ {[%mdl 64] Discovered Attack} 22. Kf3 exf2 23. Kxf2 Nxh3+ 24. Kg2 Nf4+ (24... Qh4 $1 $11 {keeps the balance.}) 25. Kh1 $16 {Threatens to win with Re3.} Qg5 ({Black should play} 25... Qh4+ 26. Qh2 Qxh2+ 27. Kxh2 Nxd3) 26. Re3 {Strongly threatening Qf2.} Nd5 27. Rf3 ({Inferior is} 27. exd5 Rxe3 28. Rg1 (28. Bh7+ $2 Kh8 $19) 28... Rxg3 $17) 27... Bg4 28. Qf2 Bxf3+ 29. Qxf3 Ne3 30. Be2 Re5 {And now ...Qh4+ would win.} 31. Qf2 Qh4+ 32. Qh2 Qf4 $1 33. Qh3 Rg5 {[#]} 34. Rg1 $1 Ng4 35. Bxg4 $1 Rxg4 {[#]} 36. Qf1 $1 {[%cal Rf1f4] Black must now prevent Qxf4.} Qg5 {( -> ...Qh4+)} 37. Qd3 g6 $2 {[%mdl 8192]} (37... d5 $16 {is a better defense.}) 38. Qxd6 $18 Rh4+ 39. Kg2 Rxe4 40. Rf1 h5 {intending ...h4.} 41. Qd7 Re2+ 42. Rf2 ({Less strong is} 42. Kh3 f5 $16) 42... Rxf2+ 43. Kxf2 Qf4+ 44. Kg2 h4 45. Ne2 h3+ 46. Qxh3 Qb8 47. Ng3 Qxa8 48. Ne4 Qd8 49. Qd7 (49. Qe3 $142) 49... Qxd7 $16 50. Nf6+ {[%mdl 64] Double Attack} Kf8 51. Nxd7+ {[%mdl 4096] Endgame KN-KP} Ke7 52. Nc5 $1 {[%cal Rc5b7]} b6 53. Nd3 Kd6 54. c4 f5 55. Kf3 {aiming for Kf4.} g5 56. b4 b5 $2 {[%mdl 8192]} (56... g4+ $16 57. Kg3 Kd7) 57. c5+ $18 Kd5 58. axb5 cxb5 59. Ke3 g4 60. Nf4+ Kc6 61. Kd4 {White mates.} g3 62. Ng2 Kc7 63. Kd5 Kd7 64. c6+ Kc7 65. Kc5 a5 66. bxa5 {KN-K3P} b4 67. a6 b3 68. a7 b2 69. a8=Q b1=Q 70. Qa7+ Kc8 71. Qd7+ Kb8 72. c7+ Kb7 73. c8=Q# {Accuracy: White = 71%, Black = 48%.} 1-0

[Event "Asian Zonal 3.3 2019"]
[Site "Ulaanbaatar"]
[Date "2019.04.09"]
[Round "3.4"]
[White "Amartuvshin, Ganzorig"]
[Black "Megaranto, Susanto"]
[Result "0-1"]
[WhiteElo "2373"]
[BlackElo "2523"]
[Annotator "TA"]
[PlyCount "126"]
[EventDate "2019.04.07"]
[EventType "swiss"]
[EventRounds "9"]
[EventCountry "MGL"]
[SourceTitle "playchess.com"]
[Source "ChessBase"]
[SourceQuality "1"]

{[%evp 9,126,18,37,4,13,-22,8,-44,-63,-80,0,0,0,0,0,0,0,0,46,35,43,35,42,0,0,0,0,0,0,0,0,0,0,0,0,0,0,0,0,0,0,-9,-8,-8,-8,-10,-26,-38,0,-94,-76,-210,-178,-211,-188,-199,-187,-172,-143,-357,-37,-37,-37,-37,-37,-35,-4,-33,-16,-27,-16,-16,0,-29,0,-16,0,0,0,0,0,0,0,0,0,0,0,0,0,0,0,0,0,0,0,0,0,0,0,-482,-445,-559,-587,-585,-577,-1563,-1397,-2253,-2164,-1965,-1704,-4627,-4266,-29983,-29981,-29981,-29982,-29992,-29985]} 1. d4 d5 2. c4 Nc6 3. Nc3 Nf6 4. Nf3 dxc4 5. Bg5 h6 6. Bh4 {[%mdl 1024] White has compensation. D07: Queen's Gambit: Chigorin Defence} a6 7. d5 Na5 (7... Na7 8. e4 Nb5 9. Qc2 Nxc3 10. bxc3 b5 11. a4 g5 12. Bg3 Bg7 13. Nd4 Bd7 {0-1 (42) Basso,P (2516)-Chatalbashev,B (2546) Ferreira do Alentejo 2018}) 8. Qa4+ ({Better is} 8. e4 $11) 8... c6 $15 {Hoping for ...b5.} 9. b4 b5 $146 (9... cxb3 $1 $17 10. axb3 e6) ({Predecessor:} 9... cxb3 10. axb3 e6 11. Bxf6 gxf6 12. b4 Nc4 13. dxc6 b5 {½-½ (57) Bolado Saez,S (2388)-Gallego Jimenez,V (2385) Madrid 2012}) 10. Qxa5 $11 Qxa5 11. bxa5 Nxd5 12. Nxd5 cxd5 13. O-O-O Bf5 14. Rxd5 e6 15. Rxf5 $1 exf5 16. e3 f4 17. exf4 f6 18. Be2 O-O-O 19. Rd1 Ba3+ 20. Kc2 Rxd1 21. Bxd1 Rd8 22. Nd2 Bb4 23. Ne4 Bxa5 24. Bg4+ Kb8 25. Be6 Bc7 26. Bg3 Re8 27. f5 Bxg3 28. hxg3 Kc7 29. Kc3 (29. g4 $1 $11) 29... Rd8 30. a4 (30. Kc2 $17) 30... Kb6 31. Kb4 a5+ 32. Kc3 Rd3+ ({Inferior is} 32... bxa4 33. Nd2 $11) 33. Kc2 Rd4 ({And not} 33... bxa4 34. Nd2 $11) 34. f3 $2 (34. Nc3 $17 b4 35. Nb5) 34... b4 $2 (34... bxa4 $19 {White must now prevent ...a3.} 35. Nd2 Kb5) 35. g4 $15 Kc6 36. Bf7 Kc7 37. Be6 Kd8 38. Bf7 Ke7 39. Bg8 Kf8 40. Be6 Ke7 41. Bg8 Ke8 42. Kc1 Kf8 43. Be6 Ke7 44. Nd2 c3 $1 45. Nb3 Rd6 46. Bc4 Kd7 47. Nxa5 Rd2 48. Nb3 Rxg2 49. a5 {[%cal Ba4a5,Ba5a6][%mdl 32]} Kc6 50. a6 Kb6 51. Nd4 Rh2 {[#] Strongly threatening ...h5.} 52. Ne6 h5 53. gxh5 $1 Rxh5 54. f4 $2 {[%mdl 8192]} (54. Nf4 $11 {and White has nothing to worry.} Rh4 55. Nd5+ {[%mdl 64] Double Attack} Kc5 56. Bb3) 54... Rxf5 $19 55. Kc2 {[#]} g5 $1 56. Bd3 Rd5 57. fxg5 fxg5 58. Ng7 g4 59. Nf5 Ra5 60. Nd6 Ra2+ 61. Kb1 Rb2+ {Black mates.} 62. Kc1 g3 63. Nc8+ Kc7 {Accuracy: White = 55%, Black = 67%.} 0-1

[Event "Asian Zonal 3.3 2019"]
[Site "Ulaanbaatar"]
[Date "2019.04.09"]
[Round "3.5"]
[White "Gundavaa, Bayarsaikhan"]
[Black "Baasansuren, Erdene"]
[Result "1-0"]
[WhiteElo "2481"]
[BlackElo "2199"]
[Annotator "TA"]
[PlyCount "77"]
[EventDate "2019.04.07"]
[EventType "swiss"]
[EventRounds "9"]
[EventCountry "MGL"]
[SourceTitle "playchess.com"]
[Source "ChessBase"]
[SourceQuality "1"]

{[%evp 10,77,19,22,20,10,46,7,33,-3,41,8,2,8,11,0,42,0,51,0,3,0,8,0,-22,-3,29,0,0,0,0,0,27,39,47,50,38,40,36,11,13,7,0,0,85,82,128,111,102,83,191,193,393,132,142,130,251,129,358,299,283,209,448,355,633,622,1822,1758,29985,29986]} 1. e4 c5 2. Nf3 d6 3. d4 cxd4 4. Nxd4 Nf6 5. Nc3 a6 6. Nb3 e6 {B90: Sicilian Najdorf: Unusual White 6th moves, 6 Be3 Ng4 and 6 Be3 e5} (6... g6 7. Be3 Bg7 8. Qd2 Ng4 9. Bg5 h6 10. Bh4 g5 11. Bg3 Nc6 12. Be2 Nge5 13. h4 gxh4 14. Bxh4 {0-1 (35) Alekseenko,K (2638)-Nepomniachtchi,I (2763) St Petersburg 2018}) 7. g4 Be7 8. Bg2 Nc6 {The position is equal.} 9. Qe2 Qc7 10. g5 Nd7 11. f4 b5 12. Be3 Bb7 13. O-O-O Na5 $146 (13... b4 $11 14. Na4 Na5) ({Predecessor:} 13... b4 14. Na4 {1-0 (58) Obolenskikh,D (2539)-Mjakonkikh,D (2215) Irkutsk 2017}) 14. Kb1 Nc4 15. Bc1 Rc8 16. Nd4 Na3+ 17. Ka1 Nb6 18. e5 Bxg2 19. exd6 $1 Bxd6 ({Much weaker is} 19... Qb7 $6 20. Rhg1 $16) 20. Qxg2 Bb4 21. Rd3 O-O 22. Rhd1 Rfd8 23. h4 Bxc3 24. Rxc3 Nac4 25. h5 Nd5 26. Rf3 e5 (26... Nb4 $1 $11 {remains equal.} 27. c3 Nc6) 27. fxe5 $16 Nxe5 28. Rff1 $1 Nb4 {And now ...Rxd4! would win.} 29. Kb1 Nec6 (29... Qc5 $16 {keeps fighting.} 30. Nb3 Qc4) 30. Nf5 $1 $18 {[%cal Rf5h6]} Ne7 $2 {[#]} (30... Rxd1 31. Rxd1 Ne7) 31. Ne3 $2 (31. Nh6+ $1 $18 {[%mdl 512] has better winning chances.} gxh6 32. gxh6+ Ng6 33. Rxd8+ Rxd8 34. hxg6 fxg6 35. a3) 31... Rxd1 $16 32. Rxd1 Rd8 {[#]} (32... Qc6 $16 {is a better defense.}) 33. Rf1 ({Better is} 33. Qb7 $1 $18 {[%mdl 512]} Qa5 (33... Qxb7 34. Rxd8#) 34. Rxd8+ Qxd8 35. h6) 33... Nbd5 $2 (33... Ned5 $16) 34. Ng4 Qd6 35. h6 $40 {[%mdl 128] aiming for hxg7. White goes for the king.} Qc6 $2 (35... g6 36. Nf6+ Nxf6) 36. Qf2 Qe6 $2 (36... f5 37. hxg7 Qe6) 37. Qd4 $18 {[%csl Gh6][%cal Rd4g7]} f6 38. gxf6 Nc6 {[#]} 39. hxg7 $1 {[%mdl 512] Accuracy: White = 45%, Black = 25%.} 1-0

[Event "Asian Zonal 3.3 2019"]
[Site "Ulaanbaatar"]
[Date "2019.04.09"]
[Round "3.6"]
[White "Batsuren, Dambasuren"]
[Black "Amgalanbaatar, Ravdanlkhumbuu"]
[Result "1/2-1/2"]
[WhiteElo "2444"]
[BlackElo "2081"]
[Annotator "TA"]
[PlyCount "81"]
[EventDate "2019.04.07"]
[EventType "swiss"]
[EventRounds "9"]
[EventCountry "MGL"]
[SourceTitle "playchess.com"]
[Source "ChessBase"]
[SourceQuality "1"]

{[%evp 14,81,59,39,100,86,88,87,90,75,83,50,95,89,99,69,77,62,60,10,15,9,15,8,23,0,0,0,0,0,0,-22,-25,-35,0,0,0,0,0,0,0,-8,-8,-7,-7,0,0,0,29,0,0,0,0,0,0,0,0,0,0,0,54,10,11,0,0,0,23,0,0,0]} 1. Nf3 d6 2. g3 Nf6 3. d4 c6 4. Bg2 Bf5 5. O-O Nbd7 6. c4 h6 7. Nc3 e5 8. d5 c5 {A53: Old Indian Defence without Nf3} (8... Bh7 $14) 9. Nd2 Be7 $146 ({Predecessor:} 9... g5 10. e4 Bg6 11. Rb1 h5 12. Re1 g4 13. b4 cxb4 14. Rxb4 b6 15. f4 exf4 16. gxf4 {1-0 (29) Bocharov,D (2614)-Kislinsky,A (2472) Voronezh 2007}) 10. e4 Bh7 {White is better.} 11. a3 O-O 12. b4 b6 13. Qe2 Ne8 14. Nb3 f5 15. exf5 Bxf5 16. bxc5 (16. h3 {is interesting.} Bh7 17. Bb2 Nef6 18. Rfe1 a6 19. b5) 16... Nxc5 17. Nxc5 bxc5 18. Bd2 Rb8 19. f4 Bf6 20. g4 Bd7 {...exf4 is the strong threat.} 21. f5 Bg5 22. Ne4 Bxd2 23. Qxd2 Qh4 24. h3 Rb6 25. Qa5 $36 {[%mdl 2048] White is pushing.} Nf6 26. Nxf6+ Rxf6 27. Rab1 h5 28. Rxb6 (28. Qxa7 Rxb1 29. Rxb1 hxg4 $19) 28... axb6 29. Qxb6 Ba4 30. Qa5 {[#] And now g5 would win.} Bc2 31. Qd2 Ba4 32. Qe1 Qg5 33. Qc1 Qh4 $1 34. Qe1 Qg5 35. Qg3 Rf8 36. Kh2 h4 ({Black should try} 36... Rf7 $11) 37. Qc3 Rb8 38. Qa5 Bc2 $1 39. Qc3 Ba4 40. Qa5 Bc2 $1 41. Qc3 {Accuracy: White = 41%, Black = 72%.} 1/2-1/2

[Event "Asian Zonal 3.3 2019"]
[Site "Ulaanbaatar"]
[Date "2019.04.09"]
[Round "3.7"]
[White "Nguyen, Van Huy"]
[Black "Khuslen, Altan-Ochir"]
[Result "1-0"]
[WhiteElo "2436"]
[BlackElo "1927"]
[Annotator "TA"]
[PlyCount "127"]
[EventDate "2019.04.07"]
[EventType "swiss"]
[EventRounds "9"]
[EventCountry "MGL"]
[SourceTitle "playchess.com"]
[Source "ChessBase"]
[SourceQuality "1"]

{[%evp 22,127,-2,-2,27,0,0,0,0,0,0,0,0,0,0,0,20,0,0,0,16,7,15,-31,-26,-32,-2,-37,4,0,7,0,149,146,142,155,164,164,173,139,390,386,363,258,234,219,236,239,203,87,91,88,98,88,142,134,134,131,123,140,132,140,162,151,218,171,260,260,260,260,197,171,169,165,143,113,96,87,400,233,470,456,603,601,682,674,881,881,2013,1555,1365,877,4068,2407,3152,2142,29967,29969,29967,12822,5089,1445,29977,29978,29982,29983,29985,29986]} 1. d4 d5 2. Nf3 Nf6 3. c4 c6 4. Nc3 dxc4 5. a4 Bf5 6. Nh4 e6 7. Nxf5 exf5 8. e3 Bb4 9. Bxc4 O-O 10. O-O Nbd7 11. Qc2 g6 12. f3 c5 {D18: Slav Defence: 5 a4 Bf5 6 e3} 13. Rd1 $146 ({Predecessor:} 13. Qf2 Nb6 14. Bb3 cxd4 15. exd4 Rc8 16. Bg5 Bxc3 17. bxc3 Rxc3 18. Qb2 Rc6 19. d5 Rd6 20. a5 {1-0 (30) Epishin,V (2667)-Van Wely,L (2646) Dordrecht 2000}) 13... cxd4 14. exd4 Kg7 {The position is equal.} 15. Bb3 Rc8 16. Bg5 h6 17. Be3 Qb6 18. Ba2 Rfe8 19. Bf2 Qa5 {[%cal Rb4c3]} 20. Qb3 Rf8 $1 21. Rac1 Nb6 22. d5 Bc5 23. Bxc5 Qxc5+ 24. Kh1 Qd6 25. a5 Nbd7 $1 26. Qxb7 Nc5 (26... Rc7 $11 {remains equal.} 27. Qb3 a6) 27. Qxa7 $16 Rb8 {[#] Hoping for ...Rb7.} 28. Bc4 $1 {And now Nb5 would win.} Rb7 29. Nb5 Qe7 30. d6 Qe3 $2 {[%mdl 8192] [#]} (30... Qe5 $16) 31. Re1 $1 $18 {[%cal Re1e3]} Qf2 32. Rf1 Qe3 33. Rce1 Rxa7 34. Rxe3 Rxa5 35. Ra3 (35. Re7 $18) 35... Rxa3 $16 36. bxa3 Rd8 37. Re1 Ne8 ({Black should try} 37... Nb7) 38. Re7 Nxd6 39. Nxd6 Rxd6 40. Rxf7+ {[%mdl 4096] Endgame KRB-KRN} Kh8 {( -> ...Rd1+)} 41. h3 Rd4 42. Bb5 f4 (42... Ne6 $16 43. Rd7 Rxd7 44. Bxd7 Nc5) 43. Rc7 Nb3 (43... Rd1+ $142 44. Kh2 Ne6) 44. Rd7 $18 Rxd7 45. Bxd7 {KB-KN} Kg7 46. g3 g5 47. gxf4 gxf4 48. Kg2 Kf6 49. h4 Ke5 $2 {[%mdl 8192]} (49... Nd4 $16 {is a better chance.}) 50. Bc6 (50. Kh3 $142) 50... Kd4 $2 (50... Kd6 {was necessary.} 51. Ba4 Nd2) 51. a4 Kc5 52. Be4 Nd4 53. Kh3 h5 54. Kg2 Ne2 55. Bg6 Ng3 56. Kh3 Kd4 57. a5 Kc5 {[#]} 58. Bxh5 $1 {[%mdl 512]} Nxh5 {KN-K3P} 59. Kg4 Nf6+ 60. Kxf4 Kb5 61. Kg5 Ng8 62. h5 {White mates.} Kxa5 63. h6 Nxh6 64. Kxh6 {Accuracy: White = 79%, Black = 31%.} 1-0

[Event "Asian Zonal 3.3 2019"]
[Site "Ulaanbaatar"]
[Date "2019.04.09"]
[Round "3.8"]
[White "Tran, Tuan Minh"]
[Black "Anand, Batsukh"]
[Result "1-0"]
[WhiteElo "2553"]
[BlackElo "1771"]
[Annotator "TA"]
[PlyCount "93"]
[EventDate "2019.04.07"]
[EventType "swiss"]
[EventRounds "9"]
[EventCountry "MGL"]
[SourceTitle "playchess.com"]
[Source "ChessBase"]
[SourceQuality "1"]

{[%evp 13,93,51,45,47,47,47,49,45,80,79,97,93,100,103,117,101,105,81,76,79,92,77,79,81,90,74,129,133,150,107,115,6,18,0,90,52,36,0,0,-5,301,316,300,284,474,461,433,452,444,433,2222,1448,1018,995,941,770,737,755,743,737,713,702,1009,990,983,982,1991,2026,1989,1939,1928,1846,1475,1446,5093,4110,1425,1378,5077,1378,29980,29981]} 1. d4 Nf6 2. c4 g6 3. Nc3 Bg7 4. e4 d6 5. Be2 O-O 6. Be3 c5 7. d5 e6 8. Nf3 {E73: King's Indian: Averbakh Variation without 6...c5} exd5 9. cxd5 Re8 10. Nd2 {White is slightly better.} a6 (10... c4 11. O-O Na6 12. Bf3 b6 13. Re1 Nc5 14. Bxc5 bxc5 15. e5 Rxe5 16. Rxe5 dxe5 17. Nxc4 {½-½ (23) Howell,D (2687)-Jones,G (2670) Hull 2018}) 11. a4 $1 b6 12. O-O Qc7 $146 ({Predecessor:} 12... Nbd7 13. Bg5 Qc7 14. f4 c4 15. Kh1 Bb7 16. Bxc4 Nc5 17. Rc1 Qd7 18. Bxf6 Bxf6 19. e5 Bd8 20. b4 Nxa4 21. Nxa4 b5 22. Bb3 {1-0 (22) Ulloa,R (2238)-Cori Tello,D (2387) Havana 2018}) 13. Re1 Bb7 14. Qc2 Nbd7 15. h3 h6 16. Bf4 g5 17. Bh2 Ne5 18. Nd1 {[%cal Bc3d1,Bd1e3,Be3c4][%mdl 32]} Bc8 19. Ne3 Bd7 (19... Ng6 $142) 20. Ndc4 $16 Nxc4 21. Nxc4 Nxe4 22. Bg4 ({White has to play} 22. Bh5 $1 $16 Bf5 {[#]} 23. Nxd6 $1 {[%mdl 512]} Nxd6 24. Qxf5 $1 {[%mdl 512]}) 22... f5 23. Bh5 Bd4 (23... b5 $1 $11 {remains equal.} 24. axb5 axb5 25. Bxe8 Rxe8) 24. Bxe8 (24. Rxe4 {looks sharper.} Rxe4 25. Nxd6 Qd8 26. Nxe4 fxe4 27. Bg3) 24... Rxe8 25. Re2 (25. Rxe4 $5 Rxe4 26. Rc1 $11) 25... b5 26. axb5 (26. Nd2 {is interesting.} Nxf2 27. Rxe8+ Bxe8 28. Nf3 Be3 29. Qxf5 Ng4+ 30. Kh1) 26... axb5 $2 {[%mdl 8192] [#]} (26... Bxb5 $11 {and Black stays safe.} 27. g4 Qf7 28. gxf5 Nxf2 29. Rxf2 Qxd5) 27. Rxe4 $1 $18 {[%mdl 512]} Rxe4 28. Nxd6 Be5 $2 (28... Re7 {keeps fighting.} 29. Bg3 Qd8) 29. Nxe4 Bxh2+ 30. Kh1 fxe4 31. Qxe4 {Hoping for Qg6+.} Be5 (31... Qd6 $142 32. Ra8+ (32. Ra7 Bf4 $14) 32... Kg7) 32. Qg6+ {[%mdl 64] Double Attack} Kf8 33. Ra8+ Ke7 34. Qxh6 {[%csl Ga8][%cal Rh6f8]} Bc8 {[#]} 35. Ra7 $1 {[%mdl 512]} Qxa7 36. Qh7+ Kd6 37. Qxa7 Bf5 38. Qb6+ Kxd5 39. Qxb5 Kd4 40. b4 cxb4 41. Qxb4+ Kd5 42. Qd2+ Ke6 43. Qxg5 Bf6 44. Qg8+ Ke7 45. g4 Be4+ 46. Kg1 Bf3 47. Qh7+ {Accuracy: White = 76%, Black = 46%.} 1-0

[Event "Asian Zonal 3.3 2019"]
[Site "Ulaanbaatar"]
[Date "2019.04.09"]
[Round "3.9"]
[White "Nguyen, Duc Hoa"]
[Black "Byambaa, Zulzaga"]
[Result "1-0"]
[WhiteElo "2433"]
[BlackElo "2168"]
[Annotator "TA"]
[PlyCount "89"]
[EventDate "2019.04.07"]
[EventType "swiss"]
[EventRounds "9"]
[EventCountry "MGL"]
[SourceTitle "playchess.com"]
[Source "ChessBase"]
[SourceQuality "1"]

{[%evp 17,89,29,41,0,0,0,0,0,0,0,0,0,40,37,57,0,0,0,0,-38,-37,-47,0,0,0,0,8,0,30,27,30,0,103,43,40,-10,-7,-8,-39,-67,-48,-63,-58,-27,0,0,0,0,84,0,45,48,38,0,88,54,76,71,78,0,152,152,311,298,850,383,3503,3378,6194,6195,5314,5306,1878,1505]} 1. d4 Nf6 2. c4 g6 3. Nc3 Bg7 4. e4 d6 5. f3 O-O 6. Be3 Nc6 7. Qd2 a6 8. Nge2 Rb8 9. Rb1 Re8 10. g4 {E84: King's Indian: Sämisch Panno: 7 Nge2 a6 8 Qd2 Rb8} (10. b4 Nd7 11. c5 dxc5 12. bxc5 b6 13. d5 Na5 14. Nf4 bxc5 15. Rxb8 Nxb8 16. Bxc5 c6 17. Na4 Nb7 {1-0 (52) Zhang,Z (2639)-Kruppa,Y (2531) Moscow 2004}) 10... b5 11. cxb5 axb5 12. b4 {The position is equal.} e5 13. d5 Nd4 14. Bg2 Nxe2 $146 (14... c6 {is interesting.} 15. dxc6 Nxc6 16. O-O Be6 17. Rfd1 Qc8) ({Predecessor:} 14... c5 15. dxc6 Nxc6 16. O-O h5 17. g5 Nh7 {½-½ (45) Bodolai,Z-Sutton,J Australia 1992}) 15. Kxe2 Nd7 16. Qd3 (16. Bf1 $14) 16... Ra8 $11 17. h4 Nb6 18. h5 Bd7 19. Rbd1 Na4 (19... Bf6 $15) 20. Nxa4 Rxa4 21. a3 Qa8 22. Bc1 Rd8 23. hxg6 hxg6 24. Qc3 f6 (24... c5 $11) 25. Qb3 (25. Qxc7 $16 Qb8 26. Qxb8 Rxb8 27. Bb2) 25... Kf7 $14 26. Rd3 c5 {Threatens to win with ...c4.} 27. dxc6+ $1 Be6 28. Qc3 {next c7 is good for White.} Bc4 {[%mdl 1024] Black has compensation.} 29. c7 Rc8 30. Kf2 Qc6 ({Much weaker is} 30... Rxc7 $6 31. Rxd6 Qc8 32. Qd2 $16) 31. Rhd1 $36 {[%mdl 2048] White has good play.} Bf8 32. Qc2 Qb6+ (32... Ra7 $11 {keeps the balance.}) 33. Kg3 (33. Be3 $16 Qa6 34. Qc1) 33... Qxc7 34. Rc3 $1 Ra6 $1 35. Bd2 Qa7 (35... Rc6 $11) 36. Be3 Qa8 37. Bf1 $1 {[%cal Rc3c4]} Rac6 {[#] And now ...Bxf1 would win.} 38. Rc1 (38. Rxc4 $1 $16 {[%mdl 512]} bxc4 39. b5) 38... Kg7 $2 {[#]} ({Black should play} 38... d5 $11 39. Qh2 Bg7 40. exd5 Bxd5 41. Rxc6 Rxc6) 39. a4 $1 $16 {[%mdl 512]} d5 $2 (39... g5 $16) (39... Qxa4 40. Qxa4) 40. Qh2 $18 ({Inferior is} 40. axb5 Bxb5 41. Rxc6 Rxc6 $11) 40... g5 $2 (40... Bxf1 41. Rxc6 Rxc6 42. Rxf1 d4) 41. axb5 (41. Bxc4 $142 Rxc4 {[#]} 42. Rh1 $1 {[%mdl 512]}) 41... Bxb5 $2 (41... Bxb4 42. bxc6 Bxc3) 42. Bxb5 {White is clearly winning.} Rxc3 43. Rh1 {[%csl Gh1][%cal Rh2h7]} Kf7 44. Qh5+ Ke6 45. Qh7 {Accuracy: White = 50%, Black = 40%.} 1-0

[Event "Asian Zonal 3.3 2019"]
[Site "Ulaanbaatar"]
[Date "2019.04.09"]
[Round "3.10"]
[White "Khin, Than"]
[Black "Agibileg, Uurtsaikh"]
[Result "1-0"]
[WhiteElo "2203"]
[BlackElo "2403"]
[Annotator "TA"]
[PlyCount "119"]
[EventDate "2019.04.07"]
[EventType "swiss"]
[EventRounds "9"]
[EventCountry "MGL"]
[SourceTitle "playchess.com"]
[Source "ChessBase"]
[SourceQuality "1"]

{[%evp 13,119,3,1,-11,22,0,6,10,50,0,0,0,57,27,43,54,33,0,0,0,40,35,52,7,63,65,-15,67,62,33,55,49,107,15,15,13,68,66,160,153,214,207,200,159,147,154,232,152,152,0,150,165,161,74,78,100,92,47,71,83,66,0,90,83,273,273,273,273,273,273,344,348,322,191,177,174,225,193,179,191,181,188,186,186,173,191,184,174,206,199,316,316,313,313,324,322,337,314,382,373,460,457,450,451,409,398,29972,29972]} 1. d4 Nf6 2. Nf3 g6 3. Bg5 Bg7 4. Nbd2 d5 5. e3 b6 6. Bd3 Bb7 7. O-O O-O 8. c4 {D03: 1 d4 d5 2 Nf3 Nf6 3 Bg5, including Torre Attack with early ...d5} dxc4 9. Nxc4 Nbd7 10. b4 $146 {The position is equal.} ({Predecessor:} 10. Qe2 c5 11. Rad1 b5 12. Ncd2 a6 13. Bb1 cxd4 14. exd4 Re8 {½-½ (59) Haugli,P (2395)-Djurhuus,R (2460) Norway 1993}) 10... Ne4 11. Bf4 c5 12. bxc5 bxc5 (12... Ndxc5 $11 13. dxc5 Bxa1) 13. Qb1 $14 Nd6 $1 14. Nxd6 Bxf3 $1 15. gxf3 exd6 16. Bxd6 {[%mdl 64] Double Attack} cxd4 {And now ...Re8 would win.} (16... Qg5+ {keeps more tension.} 17. Kh1 Qf6 18. Bxf8 Qxf3+ 19. Kg1 Qg4+) 17. Bxf8 Nxf8 18. Be4 Rb8 ({Black should try} 18... Qg5+ $1 $11 19. Kh1 Rd8) 19. Qd3 Qg5+ 20. Kh1 dxe3 21. Rae1 e2 22. Rg1 Qh4 (22... Qc5 $14) 23. Qxe2 ({White should play} 23. Bd5 $16) 23... Rb2 $11 24. Bc2 h5 (24... Rxa2 $11 25. Rg4 Qh3) 25. Qe4 $14 Qh3 (25... Qxe4 $14 26. Bxe4 Bd4) 26. Rg3 Qc8 (26... Qd7 $16 27. Bb3 Rxf2) 27. Bb3 $18 Rxf2 28. Rg2 Rxg2 29. Kxg2 Qd8 (29... Bf6 $16 {is a better defense.} 30. Qe8 Qb7) 30. Kh1 Qf6 31. Kg2 $2 (31. Rc1 $16) 31... h4 (31... Qd8 $1 $11) 32. Re2 Nh7 33. Qe8+ (33. f4 $1 $18 {is more deadly.}) 33... Bf8 $16 34. Qe5 h3+ 35. Kf2 {Threatens to win with Qxf6.} Qb6+ 36. Kf1 a5 37. Qf4 (37. Rc2 $14) 37... Qb7 (37... Nf6 $1 $11) 38. Rc2 $40 {[%mdl 128] Black must now prevent Rc6! White goes for the king.} a4 $2 (38... Qa6+ $16 {keeps fighting.} 39. Kf2 Qb6+ 40. Kf1 Qa6+ 41. Bc4 Qa7) 39. Rc7 $18 (39. Qxa4 Qxf3+ 40. Rf2 Qd3+ 41. Ke1 Qb1+ 42. Ke2 Qb2+ 43. Kf1 Qc1+ 44. Ke2 Qb2+ 45. Kf1 Qa1+ 46. Ke2 Qb2+ $11) (39. Bxa4 Qa6+ 40. Qc4 Qf6 $14) 39... Qb5+ 40. Qc4 Qxc4+ 41. Bxc4 {[%mdl 4096] Endgame KRB-KBN} Bd6 42. Rxf7 Bxh2 43. Rf4+ (43. Ra7+ $142 Kh8 44. Rxa4) 43... Kg7 44. Rh4 Ng5 (44... Bd6 $142 45. Bd5 (45. Rxh3 Ng5 $18) 45... Ng5) 45. Kf2 Bg1+ 46. Kg3 h2 47. Kg2 a3 48. Bd5 $1 Nh7 49. Ra4 Nf6 50. Bc6 Nh5 {[#]} 51. f4 $1 Bc5 {[#]} (51... Kf6 {was necessary.} 52. Bf3 Ng7) 52. Bf3 $1 ({Resist} 52. Kxh2 Nxf4 53. Kg3 (53. Rxf4 Bd6 $15) 53... Ne2+ 54. Kg4 Nc1 $18) 52... Nf6 53. Kxh2 Bd6 54. Kg2 Kf7 55. Be2 Ke6 56. Kf3 Nh5 57. Bd3 Kf6 58. Ra6 Ke7 59. Bxg6 Nxf4 $2 {[#]} (59... Nf6 $18 60. Ra7+ Kd8) 60. Rxd6 $1 {[%mdl 576] Remove Defender. Accuracy: White = 62%, Black = 32%.} 1-0